| 000 | 00673nam a2200217 a 4500 | ||
|---|---|---|---|
| 005 | 20230420063545.0 | ||
| 008 | 991125n1993 mx 000 0 spa u | ||
| 020 | _a9684126719 | ||
| 035 | _aUPN01000052877 | ||
| 049 | _aLT | ||
| 050 | 4 |
_aLB1590 M6.2 _bM8.7 1993 LE |
|
| 100 | 1 |
_aMutzenbecher, Nora _929703 |
|
| 245 | 1 | 0 |
_aScript 2 : _bejercicios de caligrafía / _cNora Mutzenbecher. |
| 260 |
_aMéxico : _bEsfinge, _c1993. |
||
| 300 |
_a103 p. : _bil. |
||
| 440 | 0 | _aAprendo a escribir script | |
| 650 | 7 |
_aCaligrafía _xEstudio y enseñanza (Elemental) _2 _93084 |
|
| 650 | 4 |
_aEscritura _xEstudio y enseñanza (Elemental) _92804 |
|
| 905 | _aLibro | ||
| 999 |
_c52877 _d52877 |
||